<?xml version="1.0" encoding="UTF-8"?>
<record
    xmlns:xsi="http://www.w3.org/2001/XMLSchema-instance"
    xsi:schemaLocation="http://www.loc.gov/MARC21/slim http://www.loc.gov/standards/marcxml/schema/MARC21slim.xsd"
    xmlns="http://www.loc.gov/MARC21/slim">

  <leader>00235nam a2200085   4500</leader>
  <controlfield tag="001">1237216</controlfield>
  <controlfield tag="005">20251003085015.0</controlfield>
  <datafield tag="245" ind1=" " ind2=" ">
    <subfield code="a">HAYALLER ALEM&#x130;NDE MUHAYYELAT G&#x130;R&#x130;LT&#x130;L&#x130; AZ&#x130;Z EFEND&#x130;</subfield>
    <subfield code="c">AHMET KABAKLI</subfield>
  </datafield>
  <datafield tag="260" ind1=" " ind2=" ">
    <subfield code="b">T&#xDC;RK EDEB&#x130;YET VAKFI</subfield>
  </datafield>
  <datafield tag="999" ind1=" " ind2=" ">
    <subfield code="c">1237216</subfield>
    <subfield code="d">1237216</subfield>
  </datafield>
</record>
